Pháp luật thương mại dịch vụ Việt Nam và hội nhập kinh tế quốc tế

Tallennettuna:
Bibliografiset tiedot
Päätekijä: Nguyễn, Như Phát
Aineistotyyppi: Kirja
Kieli:Undetermined
Julkaistu: Hà Nội Bưu điện 2006
Aiheet:
Tagit: Lisää tagi
Ei tageja, Lisää ensimmäinen tagi!
Thư viện lưu trữ: Trung tâm Học liệu Trường Đại học Cần Thơ
LEADER 00646nam a2200205Ia 4500
001 CTU_121284
008 210402s9999 xx 000 0 und d
020 |c 42000 
082 |a 346.59707 
082 |b Ph110 
100 |a Nguyễn, Như Phát 
245 0 |a Pháp luật thương mại dịch vụ Việt Nam và hội nhập kinh tế quốc tế 
245 0 |c Nguyễn Như Phát và Phan Thảo Nguyên 
260 |a Hà Nội 
260 |b Bưu điện 
260 |c 2006 
650 |a Commercial laws 
650 |z Vietnam 
904 |i Giang 
980 |a Trung tâm Học liệu Trường Đại học Cần Thơ